[Event "12th Arad Open 2019"]
[Site "Arad"]
[Date "2019.07.24"]
[Round "1.21"]
[White "Revencu, Leon"]
[Black "Ahlander, Bjorn"]
[Result "1/2-1/2"]
[WhiteElo "1859"]
[BlackElo "2391"]
[Annotator "TA"]
[PlyCount "135"]
[EventDate "2019.07.24"]
[EventType "swiss"]
[EventCountry "ROU"]
[SourceTitle "playchess.com"]
[Source "ChessBase"]
[SourceQuality "1"]

{[%evp 19,135,0,0,0,0,-2,-3,-20,0,0,0,0,4,0,0,14,15,16,14,11,45,0,0,0,81,87,74,0,0,-85,-33,-51,0,0,0,0,0,0,0,0,0,0,0,0,0,0,0,0,21,0,0,0,0,-68,-59,-75,-16,-18,-18,-18,-25,-48,-18,-18,-18,-25,-18,-25,-8,-31,0,-16,0,0,0,-11,0,-48,-22,-51,-2,-146,0,0,0,0,0,0,0,0,0,0,0,0,0,0,0,0,0,0,0,0,0,0,0,0,0,0,0,0,0,0,0,0,0,0,0,0]} 1. d4 Nf6 2. Nf3 e6 3. e3 c5 4. Bd3 d5 5. b3 Nc6 6. Bb2 Be7 7. O-O O-O 8. a3 b6 9. Nbd2 Bb7 10. Ne5 Nxe5 (10... a5 {looks sharper.} 11. Nxc6 Bxc6 12. a4 Rc8 13. Ba6 Ra8) 11. dxe5 {D05: Colle System with ...e6} Ne4 12. Bxe4 (12. Nxe4 dxe4 13. Bc4 Qc8 14. Qe2 a6 15. a4 Bc6 16. Rfd1 Qb7 17. Qf1 h6 18. h3 Rfd8 {½-½ (76) Saptarshi,R (2389)-Quesada Perez,Y (2626) Barcelona 2012}) 12... dxe4 13. Nc4 $146 ({Predecessor:} 13. Qe2 g6 14. Nc4 Qc7 15. Qg4 h5 16. Qf4 g5 17. Qg3 Kh7 18. Rad1 Rad8 {½-½ (26) Karpenko,A (2305)-Meiners,E (2371) ICCF email 2016}) 13... Bd5 14. Qg4 f5 15. exf6 Bxf6 16. Bxf6 Rxf6 17. Rad1 Rg6 18. Qf4 Qe7 19. Ne5 Rg5 $1 20. h4 (20. c4 $5 {[%cal Rc4d5]} Rf8 21. cxd5 Rxf4 22. exf4 exd5 23. Rxd5 Rxe5 24. fxe5 $14) 20... Rf5 21. Qg3 Rd8 (21... Qc7 $11 {keeps the balance.} 22. Ng4 Qxg3 23. fxg3 Rxf1+ 24. Kxf1 c4) 22. c4 $16 Bb7 23. f4 (23. b4 $16) 23... exf3 $1 $11 24. Nxf3 (24. gxf3 $11 Rff8 25. Kf2) 24... Rxd1 (24... h6 $17) 25. Rxd1 $15 Bxf3 (25... h6 $1 $15) 26. gxf3 $11 {[%mdl 4096] Endgame KQR-KQR} h6 27. Kf2 Kh7 28. Qg4 Qc7 29. Qg3 Qb7 30. Qg4 h5 31. Qg3 Qf7 32. Ke2 Rf6 33. Rg1 Qb7 34. e4 Qf7 35. Qe5 g6 36. Qg5 ({White should try} 36. Rf1 $11) 36... Rxf3 $15 37. Qxg6+ $1 Qxg6 38. Rxg6 Rxb3 39. Rxe6 Rxa3 {KR-KR} 40. Re5 Kg6 {White should prevent ...Rh3.} 41. Rg5+ Kf6 42. Rxh5 Rc3 43. Rh7 Rxc4 44. Ke3 Ra4 45. Kf4 c4 46. h5 Ra1 47. Rc7 Rf1+ 48. Kg4 b5 {And now ...a5 would win.} 49. h6 Rh1 50. h7 (50. Rc5 $1 $11) 50... Kg6 (50... a5 $17 {Threatens to win with ...a4.} 51. Kf4 b4 52. Rxc4 b3) 51. Rxa7 $11 {The position is equal.} c3 {[#] Strongly threatening ...b4.} 52. Rb7 c2 53. Rc7 Rxh7 54. Rc6+ Kf7 {Hoping for ...Rh2.} 55. Rxc2 Ke6 56. Rb2 Rb7 57. Kf4 Kd6 58. e5+ Kd5 59. Rd2+ Kc4 60. e6 b4 61. Ke5 b3 62. Kd6 b2 63. Rc2+ Kd4 {[#]} 64. Rxb2 $1 {[%mdl 512]} Rxb2 65. e7 Rb8 66. Kd7 Kd5 67. e8=Q Rxe8 68. Kxe8 {Accuracy: White = 69%, Black = 63%.} 1/2-1/2

[Event "12th Arad Open 2019"]
[Site "Arad"]
[Date "2019.07.24"]
[Round "1.22"]
[White "Secheres, Adrian-Simion"]
[Black "Bartha, Andrei"]
[Result "1-0"]
[WhiteElo "2394"]
[BlackElo "1860"]
[Annotator "TA"]
[PlyCount "65"]
[EventDate "2019.07.24"]
[EventType "swiss"]
[EventCountry "ROU"]
[SourceTitle "playchess.com"]
[Source "ChessBase"]
[SourceQuality "1"]

{[%evp 22,65,32,0,-6,-7,17,11,3,14,36,0,0,-5,32,2,55,63,94,70,137,134,183,174,179,168,166,172,210,179,191,187,208,208,264,265,645,663,637,631,29981,760,677,677,29992,29993]} 1. d4 Nf6 2. c4 g6 3. Nc3 d5 4. cxd5 Nxd5 5. e4 Nxc3 6. bxc3 Bg7 7. Bc4 c5 8. Ne2 O-O 9. O-O Nc6 10. Be3 Qc7 11. Rc1 Rd8 12. Qa4 a6 {D87: Exchange Grünfeld: Classical Line: Variations without ...cxd4} (12... b6 13. dxc5 Ne5 14. Bd5 Bb7 15. Bxb7 Qxb7 16. Rb1 Qc8 17. h3 bxc5 18. Rb5 Nd3 19. Rfb1 Qc6 20. Qc4 {0-1 (38) Girya,O (2481)-Zhai,M (2352) Khanty-Mansiysk 2018}) 13. Qa3 Na5 14. Bd5 $146 ({Predecessor:} 14. Bd3 c4 15. Bb1 b5 16. Rcd1 Nb7 17. Ng3 f6 18. f4 Nd6 19. f5 gxf5 20. exf5 {1-0 (50) Petran,P (2374)-Zakhartsov,V (2216) Budapest 2012}) 14... e6 {The position is equal.} 15. Bf4 Qe7 (15... Qd7 {is more complex.} 16. Qxa5 exd5 17. exd5 Re8 18. Rfe1 Qxd5 19. c4 Qd8) 16. Qxa5 {[#] And now Bb3 would win.} exd5 17. exd5 {Black must now prevent d6.} Rxd5 18. c4 $36 {[%mdl 2048] Black is under pressure.} Rxd4 (18... Rf5 $11) 19. Nxd4 $14 Bxd4 20. Qb6 Be6 (20... Bf5 $14) 21. Bd6 $16 Qd7 22. Bxc5 Bxc5 23. Qxc5 Rc8 24. Qb4 Qc6 25. Rfd1 Bxc4 26. Rd6 Qe4 27. Qd2 Qe5 28. h4 {Rd8+ is the strong threat.} ({Weaker is} 28. Rd8+ Rxd8 29. Qxd8+ Kg7 $16) 28... Qc5 $2 {[#]} (28... b5 29. Rxa6 Qe7) 29. h5 $1 $18 {[%mdl 512]} b5 (29... Qxh5 30. Rd8+) 30. h6 Qa3 31. Rc3 (31. Re1 $142 Bd3 32. Rxd3 Qf8 33. Rd7 a5 34. Ree7 a4 35. Rxf7 Qxf7 36. Rxf7 Kxf7 37. Qd7+ {[%mdl 64] Double Attack} Kf6 38. Qxc8) 31... Qc5 32. Re3 {White wants to mate with Rd8+.} Qc7 33. Qd4 {Accuracy: White = 84%, Black = 23%.} 1-0

[Event "12th Arad Open 2019"]
[Site "Arad"]
[Date "2019.07.24"]
[Round "1.24"]
[White "Balaban-Voia, Alexandru"]
[Black "Ileana, George"]
[Result "0-1"]
[WhiteElo "1814"]
[BlackElo "2344"]
[Annotator "TA"]
[PlyCount "142"]
[EventDate "2019.07.24"]
[EventType "swiss"]
[EventCountry "ROU"]
[SourceTitle "playchess.com"]
[Source "ChessBase"]
[SourceQuality "1"]

{[%evp 9,142,0,30,29,22,26,26,23,28,23,43,25,54,18,17,16,20,0,21,0,11,1,13,15,37,20,30,0,0,-5,-5,-5,0,0,0,0,0,0,0,0,0,0,0,0,0,0,8,10,10,-12,0,0,9,0,14,14,36,0,9,0,0,-13,0,-8,-7,-13,0,0,0,-20,-21,-57,-54,-45,-40,-43,-32,-87,-54,-94,-87,-93,-93,-98,-79,-120,-102,-99,-56,-96,-93,-154,-115,-145,-83,-112,-83,-83,-83,-83,-83,-83,-83,-223,-215,-422,-275,-1628,-1565,-1388,-1350,-835,-588,-1593,-1489,-1677,-1468,-29973,-29975,-29980,-29981,-29981,-29982,-29982,-29983,-29982,-29983,-29983,-29979,-29982,-29982,-29985,-29986,-29985,-29986]} 1. Nf3 Nf6 2. b3 e6 3. Bb2 Be7 4. e3 (4. g3 c5 5. c4 Nc6 6. Bg2 O-O 7. O-O d6 8. d4 cxd4 9. Nxd4 Nxd4 10. Qxd4 Qc7 11. Nc3 a6 {1-0 (34) Anand,V (2776)-Sachdev,T (2407) chess.com INT 2018}) 4... O-O 5. Be2 d6 6. d4 {A05: Réti Opening: 1 Nf3 Nf6} b6 7. O-O Bb7 8. c4 {White has an edge.} Nbd7 9. Nc3 c5 10. Rc1 Rc8 $146 ({Predecessor:} 10... a6 11. Qc2 Rc8 12. Qb1 Rc7 13. e4 cxd4 14. Nxd4 Qa8 15. f3 Rfc8 16. Rfd1 Rc5 17. Bf1 {0-1 (48) Trhal,T (2157)-Novotny,M (2241) Czechia 2014}) 11. Qd2 a6 12. Rfd1 Qc7 13. Ne1 Rfd8 14. Bf3 Bxf3 15. Nxf3 Qb7 16. Qe2 Ne4 17. Nxe4 Qxe4 18. Nd2 Qb7 19. Qf3 Qxf3 20. Nxf3 Bf6 21. Ba1 cxd4 22. Bxd4 Kf8 23. Kf1 Bxd4 24. Nxd4 Ke7 25. e4 Rc7 26. Rc2 Nf6 27. f3 Rdc8 28. Rcd2 Rc5 29. Ne2 Ne8 30. Kf2 g6 31. Nd4 Rh5 32. h3 Ra5 33. Re1 h5 34. Re3 Rac5 35. Re1 Nf6 36. Nc2 b5 37. Ne3 Nd7 38. Red1 R5c6 39. cxb5 axb5 40. a4 bxa4 41. bxa4 Ra8 42. Ra2 Ra5 43. Rda1 (43. Rd4 $1 $15) 43... Rc3 44. Nd1 Rd3 45. Ke2 Nc5 46. Nb2 Rd4 47. Ra3 Rb4 48. R1a2 f5 49. exf5 gxf5 50. Ke3 (50. Nd3 $142 Rbxa4 51. Rxa4 Nxa4 52. Kf1) 50... d5 51. Nd3 {[#]} d4+ ({Much less strong is} 51... Rbxa4 52. Rxa4 Rxa4 53. Rxa4 $11) (51... Nxd3 $142 $1 52. Kxd3 Rc4) 52. Ke2 Nxd3 53. Kxd3 $17 {[%mdl 4096] Endgame [#] KRR-KRR} e5 $1 54. g4 hxg4 55. hxg4 Ke6 {White must now prevent ...fxg4.} 56. g5 (56. gxf5+ $17 Kxf5 57. Ra1) 56... Kf7 $19 57. Rc2 $2 (57. Ke2 {was called for.}) 57... Kg6 58. Rc4 $2 (58. f4 Raxa4 59. Rxa4 e4+ 60. Ke2 Rxa4 61. Rd2) 58... Rxc4 59. Kxc4 Kxg5 {KR-KR} 60. Kb4 Ra8 61. Kc4 Kf4 62. a5 Rc8+ 63. Kd5 Rd8+ {Black mates.} 64. Kc4 e4 65. fxe4 fxe4 66. a6 d3 67. a7 d2 68. Ra1 Ke3 69. Kc3 Rc8+ 70. Kb2 Ke2 71. a8=Q Rxa8 {Accuracy: White = 33%, Black = 62%.} 0-1

[Event "12th Arad Open 2019"]
[Site "Arad"]
[Date "2019.07.24"]
[Round "1.25"]
[White "Marjanovic, Annamaria"]
[Black "Anuta, Elefterie-Laurentiu"]
[Result "1-0"]
[WhiteElo "2343"]
[BlackElo "1813"]
[Annotator "TA"]
[PlyCount "105"]
[EventDate "2019.07.24"]
[EventType "swiss"]
[EventCountry "ROU"]
[SourceTitle "playchess.com"]
[Source "ChessBase"]
[SourceQuality "1"]

{[%evp 10,105,49,21,55,33,39,29,37,20,34,24,35,15,68,48,72,75,60,19,54,25,52,29,67,15,91,82,120,116,129,125,200,126,212,128,149,61,174,176,175,167,165,179,168,170,224,141,141,142,142,142,147,147,210,132,137,136,138,138,147,125,127,121,179,121,121,121,235,219,300,281,393,380,414,434,459,441,379,438,418,429,404,355,502,497,798,772,805,804,754,659,1036,395,29979,1233,924,863]} 1. c4 d6 2. g3 c6 3. Bg2 Nf6 4. Nc3 e5 5. e4 Be7 6. Nge2 Bg4 {A22: English Opening: 1...e5 2 Nc3 Nf6} (6... O-O 7. O-O Nbd7 8. d3 a6 9. h3 b5 10. Be3 Rb8 11. b3 Bb7 12. f4 Ne8 13. Qd2 Nc7 14. Rae1 Ba8 15. Kh1 Ne6 16. Ng1 {½-½ (41) Balog,I (2526)-Havasi,G (2362) Hungary 2016}) 7. h3 (7. d4 {is more complex.} exd4 8. Qxd4 O-O 9. O-O Na6 10. h3) 7... Bxe2 8. Qxe2 Na6 $146 {[%cal Bb8a6,Ba6c5,Bc5e6,Be6d4][%mdl 32] White has an edge.} ({Predecessor:} 8... Nbd7 9. O-O O-O 10. d3 Qc7 11. Be3 Rad8 12. Rac1 Ne8 13. f4 f5 14. exf5 Rxf5 {1-0 (31) Krasnov,S (2016)-Standen,J (1626) San Francisco 2015}) 9. O-O Nc5 10. d3 Ne6 11. Be3 c5 (11... h5 $11) 12. f4 Nd4 13. Qf2 O-O 14. Kh1 Nd7 15. Nd5 Bf6 16. Rab1 Nb6 17. Bxd4 ({White should try} 17. Nxf6+ $14 Qxf6 18. b4) 17... Nxd5 (17... cxd4 $11 18. fxe5 Bxe5) 18. fxe5 $16 (18. exd5 exd4 19. b4 b6 $11) (18. cxd5 cxd4 19. Rbc1 Rc8 $11) 18... dxe5 19. Bxc5 {[%mdl 64] Double Attack} ({But not} 19. exd5 exd4 20. b4 cxb4 $14) ({Of course not} 19. cxd5 $6 cxd4 20. h4 Rc8 $11) 19... Ne7 20. Rbd1 $36 {[%mdl 2048] Black is under strong pressure.} b6 (20... a5 $16 21. Bf3 Ra6) 21. Ba3 Qc7 (21... Rb8 $16 22. h4 Re8) 22. b3 Rad8 23. g4 (23. h4 $1 $16) 23... Bg5 {[#]} (23... h6 $14) 24. h4 $1 $18 {[%cal Rh4g5]} Bf4 25. d4 f6 26. d5 Qd7 27. Bh3 Rfe8 (27... g5 $142 28. Rd3 Rf7) 28. Kg2 {Black must now prevent g5.} g5 29. h5 Nc8 30. Rfe1 Qb7 31. Kh1 Nd6 (31... a5 $16 32. Bg2 Nd6) 32. Bf1 Qd7 33. Qg2 Rc8 34. Re2 Rc7 35. Rc2 Rec8 36. Bd3 Nf7 (36... Nb5 $16 37. Bb2 (37. cxb5 Rxc2 38. Bxc2 Rxc2 $16) 37... Nd6) 37. Qf3 (37. c5 $18) 37... Nd6 $16 38. Qe2 Nf7 (38... Nb5 $16 39. Bb2 (39. cxb5 Rxc2 40. Bxc2 Rxc2 $14) 39... Nd6) 39. b4 Nh6 40. Rg1 a5 41. bxa5 bxa5 42. c5 Qa4 43. d6 Qxa3 44. dxc7 Rxc7 45. Rb1 {And now Rb3 would win.} Kg7 46. c6 Nf7 (46... Qe7 {keeps fighting.} 47. Ba6 Kf8) 47. Rb7 $18 Qd6 (47... Qe7 $142 48. Rxc7 Qxc7) 48. Bc4 Nd8 49. Rxc7+ Qxc7 50. Qd3 Qxc6 {[#]} 51. Bb5 $2 (51. h6+ $1 {[%mdl 512]} Kxh6 52. Bg8) 51... Qa8 $2 (51... Qb7 $18 52. Qd7+ Qxd7 53. Bxd7 Be3) 52. Rc7+ (52. Rc4 $142 Nf7 53. Rc7 Kh8 54. Rxf7 f5 55. gxf5 g4 56. Re7 Bh6 57. Re8+ Qxe8 58. Bxe8) 52... Kh6 53. Qd5 {Accuracy: White = 49%, Black = 35%.} 1-0

[Event "12th Arad Open 2019"]
[Site "Arad"]
[Date "2019.07.24"]
[Round "1.26"]
[White "Muntoiu, Emanoil"]
[Black "Dobre, Claudiu-Cristian"]
[Result "0-1"]
[WhiteElo "1813"]
[BlackElo "2340"]
[Annotator "TA"]
[PlyCount "100"]
[EventDate "2019.07.24"]
[EventType "swiss"]
[EventCountry "ROU"]
[SourceTitle "playchess.com"]
[Source "ChessBase"]
[SourceQuality "1"]

{[%evp 15,106,45,51,30,27,11,22,25,43,0,7,-20,-5,-19,46,31,50,-2,14,7,35,25,34,22,26,34,29,20,31,14,14,14,17,14,27,0,0,0,0,0,0,0,0,0,0,0,0,-14,0,-27,-28,-469,-116,-273,-94,-94,-94,-92,-91,-100,-35,-66,-16,-420,-389,-372,-375,-587,-587,-542,-493,-621,-614,-591,-560,-507,-240,-2325,-2125,-2112,-1902,-6593,-6277,-2387,-6203,-29975,-29976,-29974,-29976,-29974,-29977,-29966,-29964]} 1. e4 c6 2. d4 d5 3. Nc3 dxe4 4. Nxe4 Bf5 5. Ng3 Bg6 6. Nf3 Nd7 7. Bd3 e6 8. Bxg6 hxg6 9. h3 {B18: Classical Caro-Kann: 4...Bf5 sidelines} (9. Ne4 Ngf6 10. Neg5 Be7 11. Qe2 Qa5+ 12. Bd2 Qf5 13. O-O-O Nd5 14. h4 Nf4 15. Bxf4 Qxf4+ 16. Kb1 O-O-O {½-½ (31) Luther,T (2524)-Mirzoev,A (2535) Innsbruck 2017}) 9... Ngf6 10. Qe2 $146 ({Predecessor:} 10. O-O Bd6 11. Qe2 O-O 12. Ne4 Nxe4 13. Qxe4 Nf6 14. Qh4 Qb6 15. b3 c5 16. Be3 Rfd8 {½-½ (48) Palladino,M (2202)-Viviani,E (2189) ICCF email 2016}) 10... Qa5+ (10... c5 {looks sharper.} 11. O-O cxd4 12. Nxd4 Bc5 13. Nf3 Qc7) 11. c3 {The position is equal.} Qb5 12. Qxb5 (12. O-O {keeps more tension.} Qxe2 13. Nxe2 a5 14. Re1 Nd5 15. Nf4) 12... cxb5 13. Bd2 Bd6 14. Ne2 Nd5 ({Black should play} 14... a5 $11) 15. a4 $14 bxa4 16. Rxa4 (16. c4 $14 Nb4 17. O-O) 16... O-O 17. O-O N7b6 18. Ra2 Nc4 19. Rfa1 Nxd2 20. Nxd2 a6 21. Ne4 Be7 22. Nc5 Bxc5 23. dxc5 Rac8 24. b4 g5 25. Rb1 Rfd8 26. Rd2 Nf4 27. Rxd8+ Rxd8 28. Nxf4 gxf4 $11 {[%mdl 4096] Endgame KR-KR} 29. Kf1 Rd3 30. Rc1 e5 31. f3 Rd2 32. Re1 f6 33. Re2 $2 {[%mdl 8192]} (33. Re4 $11 {and White is okay.}) 33... Rd1+ $2 (33... Rxe2 $1 $19 {has better winning chances.} 34. Kxe2 Kf7) 34. Re1 $2 {[#]} (34. Kf2 $17 {is the only way for White.}) 34... Rd3 $2 (34... Rxe1+ $1 $19 {is more deadly.} 35. Kxe1 Kf7) 35. Rc1 $17 Rd2 36. Rb1 Rc2 37. Rb3 f5 (37... Kh7 $17) 38. Ke1 e4 39. Kd1 $2 {[%mdl 8192]} (39. b5 $11 {and White stays safe.} axb5 40. Rxb5) 39... Rxg2 $19 40. c4 Rg1+ 41. Kd2 {[#]} (41. Ke2 $142 Rc1 42. b5 axb5 43. Rxb5) 41... e3+ $1 42. Ke2 {intending b5.} Rc1 43. b5 axb5 44. Rxb5 Rxc4 45. h4 Kh7 (45... Rc2+ $142 46. Kd1 Rc4 47. Rxb7 Rxc5) 46. Rxb7 $2 (46. Kd3 Rc1 47. c6 Rxc6 48. Rxf5 Rd6+ 49. Ke2) 46... Rxc5 47. Rb4 Rc2+ 48. Ke1 {[#]} g5 $1 49. hxg5 Kg6 (49... Rf2 $142 50. Rb6 Rxf3 51. Rh6+ Kg7) 50. Rxf4 Rh2 {Played: Rc2-f2} 0-1

[Event "12th Arad Open 2019"]
[Site "Arad"]
[Date "2019.07.24"]
[Round "1.27"]
[White "Bonte, Andrei-Mihai"]
[Black "Dumitrescu, Daniel"]
[Result "1-0"]
[WhiteElo "2337"]
[BlackElo "1812"]
[Annotator "TA"]
[PlyCount "87"]
[EventDate "2019.07.24"]
[EventType "swiss"]
[EventCountry "ROU"]
[SourceTitle "playchess.com"]
[Source "ChessBase"]
[SourceQuality "1"]

{[%evp 9,87,27,37,14,52,46,46,39,47,0,50,12,26,9,17,21,29,30,114,102,129,129,131,131,187,195,212,187,212,212,216,216,216,216,227,214,235,225,224,189,215,212,235,193,228,228,228,228,228,225,235,235,235,195,251,251,260,260,260,260,316,316,316,316,341,319,355,316,355,318,429,443,383,328,1516,1513,1867,1827,1798,1755]} 1. d4 d5 2. Nf3 Nf6 3. c4 c6 4. Nc3 a6 5. e3 Bf5 6. Be2 {D15: Slav Defence: 4 Nc3 a6 and gambit lines after 4 Nc3 dxc4} (6. Qb3 Ra7 7. Nh4 Bc8 8. Bd2 e6 9. c5 Nbd7 10. Nf3 e5 11. Nxe5 Nxe5 12. dxe5 Nd7 13. Na4 Bxc5 14. Nxc5 Nxc5 {0-1 (84) Radjabov,T (2757)-Fedoseev,V (2724) Wijk aan Zee 2019}) 6... e6 7. Nh4 Bg6 8. Nxg6 {White is slightly better.} hxg6 9. Bd2 Nbd7 10. g3 Bd6 11. Qc2 Qe7 12. c5 Bc7 13. f4 Nh5 $146 {[#]} (13... g5 $11 {keeps the balance.}) ({Predecessor:} 13... g5) 14. O-O-O $1 $16 f5 15. g4 $36 {[%mdl 2048] Keeping Black busy.} Nhf6 16. g5 Nh5 (16... Ne4 $16) 17. Kb1 Kf7 18. Ka1 Qd8 19. Na4 {[%cal Bc3a4,Ba4b2,Bb2d3][%mdl 32]} Ba5 20. b4 Bc7 21. Nb2 Qe7 22. Rb1 Ra7 23. Rhf1 Raa8 24. Rf2 Rab8 25. Nd3 Rbf8 26. Bc3 Bb8 27. a4 Bc7 28. Bf1 Ra8 29. Qb3 Rhf8 30. Ra2 Rfb8 31. Rbb2 Qe8 (31... b6 {was called for.}) 32. b5 $18 axb5 33. axb5 {[%cal Ba4b5,Bb5b6][%mdl 32]} Qc8 34. b6 Bd8 35. Ra7 Be7 36. Kb1 Bd8 37. Be2 Be7 38. Bf3 Qh8 39. Rba2 Qc8 40. Qd1 Qh8 41. Qa4 Qc8 $2 {[#]} (41... Rxa7 42. bxa7 Ra8) 42. Rxa8 {White is clearly winning.} Rxa8 43. Qxa8 Qxa8 44. Rxa8 {Accuracy: White = 71%, Black = 23%.} 1-0

[Event "12th Arad Open 2019"]
[Site "Arad"]
[Date "2019.07.24"]
[Round "1.28"]
[White "Paraschiv, Petronela-Alexandra"]
[Black "Balla, Tamas-Kristof"]
[Result "0-1"]
[WhiteElo "1810"]
[BlackElo "2336"]
[Annotator "TA"]
[PlyCount "56"]
[EventDate "2019.07.24"]
[EventType "swiss"]
[EventCountry "ROU"]
[SourceTitle "playchess.com"]
[Source "ChessBase"]
[SourceQuality "1"]

{[%evp 16,56,8,-5,-5,-6,0,0,0,-8,129,-23,-24,-29,-21,-21,0,0,4,-44,-37,-70,0,0,0,-2,0,-5,0,-142,-115,-78,-39,-122,-94,-195,-162,-493,-475,-471,-461,-29994,-1737]} 1. c4 c5 2. Nc3 Nc6 3. g3 g6 4. Bg2 Bg7 5. d3 e6 6. e4 Nge7 7. Nge2 d6 8. O-O O-O 9. f4 f5 {A36: Symmetrical English vs ...g6: 4 Bg2 Bg7} (9... Rb8 10. g4 Nd4 11. Ng3 b5 12. Rb1 Nec6 13. Be3 Qa5 14. f5 Be5 15. Bh6 Qd8 16. g5 exf5 17. exf5 {0-1 (33) Acosta,P (2346)-Pichot,A (2543) Villa Martelli 2016}) 10. Be3 Nd4 11. Rb1 Nec6 {The position is equal.} 12. a3 b6 $146 (12... Rb8 $11 {remains equal.}) ({Predecessor:} 12... a5 13. Kh1 Bd7 14. exf5 gxf5 15. Bxd4 cxd4 16. Nb5 Be8 17. Qc2 Kh8 18. c5 dxc5 19. Qxc5 {½-½ (41) Merezhko,I (2238)-Shvedchikov,A (2421) Moscow 2010}) 13. b4 $2 ({Better is} 13. exf5 $16 Rb8 14. fxg6) 13... Bb7 $11 14. Bf2 Qd7 15. Nxd4 cxd4 (15... Nxd4 {seems wilder.} 16. Qd2 Rac8 17. b5 Rf7 18. a4 Rcf8) 16. Ne2 $1 e5 17. Qb3 Kh8 18. c5 Nd8 ({Don't play} 18... bxc5 $6 19. bxc5 Rab8 20. exf5 $14) (18... dxc5 $15 19. exf5 cxb4) 19. cxd6 Qxd6 20. fxe5 Bxe5 21. Qb2 {[%cal Rf2d4]} Ne6 {White must now prevent ...fxe4.} 22. Qd2 (22. Nf4 $1 $11 {keeps the balance.} Nc7 23. a4) 22... fxe4 23. dxe4 Ba6 {And now ...d3 would win.} 24. Rfd1 (24. b5 $15 Bb7 25. Nf4 $1 {[%mdl 512]}) 24... Rad8 $36 {[%mdl 2048] Threatens to win with ...d3. Black is on the roll.} 25. Nc1 {[#]} (25. b5 $17 Bc8 26. Nc1) 25... d3 $1 $19 {Hoping for ...Rxf2!} 26. b5 $2 {[#]} (26. Kh1 {is tougher.}) 26... Rxf2 $1 {[%mdl 576] Remove Defender, Decoy} 27. Kxf2 {[%cal Rc1d3]} (27. Qxf2 Bd4) 27... Qc5+ {[%mdl 64] Double Attack} 28. Ke1 (28. Kf1 $19 Rf8+ 29. Bf3) 28... Bc3 {Accuracy: White = 27%, Black = 53%.} (28... Qg1+ $142 29. Bf1 Rf8 30. Qg2 Bc3+ 31. Rd2 Qe3+ {[%mdl 64] Double Attack, Pin} 32. Qe2 dxe2 33. bxa6 Bxd2#) 0-1

[Event "12th Arad Open 2019"]
[Site "Arad"]
[Date "2019.07.24"]
[Round "1.29"]
[White "Gulias, Alin-Constantin"]
[Black "Patrascu, Catalin-Lucian"]
[Result "1-0"]
[WhiteElo "1788"]
[BlackElo "2292"]
[Annotator "TA"]
[PlyCount "109"]
[EventDate "2019.07.24"]
[EventType "swiss"]
[EventCountry "ROU"]
[SourceTitle "playchess.com"]
[Source "ChessBase"]
[SourceQuality "1"]

{[%evp 14,109,12,16,24,17,34,14,26,-10,8,-7,439,436,429,421,432,431,477,476,479,478,474,466,476,475,506,508,536,569,563,554,639,571,691,666,741,628,622,566,554,555,548,540,613,576,712,618,593,506,545,524,598,592,770,764,1167,1047,1256,1243,1398,1380,1254,716,701,687,679,691,671,664,724,676,776,722,919,741,781,772,734,744,953,936,939,873,1005,961,29976,5165,29977,29978,29978,29979,29984,29979,29975,29975,29985,29986]} 1. d4 Nf6 2. c4 e6 3. Nc3 Bb4 4. Nf3 O-O 5. e3 d5 6. Bd2 c5 7. a3 Bxc3 8. Bxc3 Ne4 {E51: Nimzo-Indian: Rubinstein: 4...0-0 5 Nf3 d5} 9. Qc2 (9. Rc1 cxd4 10. Qxd4 Nxc3 11. Qxc3 dxc4 12. Bxc4 Nc6 13. O-O Bd7 14. Rfd1 Qe7 15. b4 a6 16. Nd2 {½-½ (28) Dreev,A (2662)-Arutinian,D (2555) Skopje 2019}) 9... Nxc3 10. Qxc3 cxd4 {The position is equal.} 11. exd4 b6 12. Bd3 dxc4 $146 {[%mdl 8192]} (12... Bb7 $11 {and Black stays safe.}) ({Predecessor:} 12... Bb7 13. c5 bxc5 14. dxc5 {0-1 (37) Sanchez Roempler,C (1913)-Johansen,T (1830) IECG email 2005}) 13. Be4 $18 {[%mdl 64] [#] Zwischenzug} Nc6 14. Bxc6 Rb8 15. Qxc4 b5 16. Qc5 Bb7 17. Bxb7 Rxb7 18. O-O a6 19. Rac1 {[%cal Ba1c1,Bc1c2,Bc2c3,Bc3e3,Be3e2][%mdl 32]} Qa5 20. Ne5 Qd2 21. Rc2 Qf4 22. g3 Qf5 23. Qc6 Ra7 24. Rfc1 h6 25. Qb6 Raa8 26. Rc3 Qe4 27. Re3 Qd5 28. Nc6 {[#] Strongly threatening Ne7+.} Qa2 29. Re2 Rfe8 30. Qc5 Qb3 31. Qc3 Qd5 32. Nb4 Qh5 33. Re5 Qh3 34. Qf3 g6 35. Rc7 Rf8 36. Nc6 Kg7 37. d5 exd5 38. Ree7 {[%cal Re7f7]} Qf5 39. Qxf5 gxf5 40. Ne5 Kf6 41. f4 Rac8 42. Kf2 h5 43. Ke3 h4 44. Kd3 hxg3 45. hxg3 Rxc7 46. Rxc7 {[%mdl 4096] Endgame Nd7+ is the strong threat. KRN-KR} Rg8 47. Rxf7+ Ke6 48. Ra7 d4 49. Kxd4 Rxg3 50. Rxa6+ Ke7 51. b4 {White mates.} Rg2 52. Kc5 Kd8 53. Kxb5 Kc7 54. Rf6 Rc2 55. Rc6+ {Accuracy: White = 82%, Black = 31%.} 1-0